000 00708cam a2200217 a 4500
020 _a071313514X (pbk.)
082 0 0 _a532.002462
_bFRA
_cL-22,P-39.
100 1 _aFrancis, J. R. D.
_939922
245 1 0 _aCivil engineering hydraulics /
_cJ.R.D. Francis and P. Minton.
250 _a5th ed.
260 _aLondon ;
_aBaltimore, Md., U.S.A. :
_bE. Arnold,
_c1984.
300 _axi, 387 p. :
_bill. ;
_c23 cm.
500 _aIncludes index.
500 _aRev. ed. of: Fluid mechanics for engineering students.
526 _a0
_b0
_c0
_d532_002462000000000_FRA
650 0 _aFluid mechanics.
_91678
650 0 _aMCE
_9379
700 1 _aFrancis, J. R. D.
_939922
700 1 _aMinton, P.
_939923
942 _2ddc
_cBK
999 _c544339
_d544339